LDR 00781naa#a2200193#i#450# 001 EN\\bibl\125530 005 20260702112747.4 011 ## _a2782-4586 100 ## _a20260630b2026####ek#y0engy0150####ca 102 ## _aRU 200 1# _aMetasystem Architecture of capital flows: UBS Group AG as a paradigmatic Case of infrastructural sovereignty and adaptive hybridization in the context of global regulatory polyphony _eJournal article 210 1# _aMoscow _cITBO University _d2026 215 ## _a19 с. 608 ## _aJournal article _2local 675 ## _aЭкономические науки в целом. Политическая экономия. 330 _z 700 #1 _aSockova _gSvetlana Ivanovna 700 #1 _aChernicyna _gRuzilya Nyabiullovna 700 #1 _aKorolev _gAndrey Andreevich 856 4# _ajomeam.ru _u